Робин Гуд: историческая повесть; для среднего школьного возраста

Bibliographic Details
Main Author: Гершензон М. А. Михаил Абрамович
Other Authors: Сорокин В. (иллюстратор)
Language:Russian
Published: Барнаул, День, 1992
Subjects:
Format: Book
KOHA link:https://koha.lib.tpu.ru/cgi-bin/koha/opac-detail.pl?biblionumber=154157

MARC

LEADER 00000nam0a2200000 4500
001 154157
005 20231031151742.0
010 |a 5870280036 
035 |a (RuTPU)RU\TPU\book\167218 
035 |a RU\TPU\book\150539 
090 |a 154157 
100 |a 20090222d1992 d y0rusy5003 ca 
101 0 |a rus 
102 |a RU 
105 |a a z 000ay 
200 1 |a Робин Гуд  |e историческая повесть  |e для среднего школьного возраста  |f М. А. Гершензон  |g худож. В. Сорокин 
210 |a Барнаул  |c День  |d 1992 
215 |a 128 с.  |c ил.  |d 20 см 
610 1 |a Англия 
610 1 |a 12 век 
610 1 |a детская литература 
610 1 |a историческая проза 
675 |a Р2  |z rus  |v 3 
700 1 |a Гершензон  |b М. А.  |g Михаил Абрамович  |4 070 
702 1 |a Сорокин  |b В.  |4 440 
801 0 |a RU  |b RuMRKP  |c 19950417  |g psbo 
801 1 |a RU  |b 63413507  |c 20080530  |g PSBO 
801 2 |a RU  |b 63413507  |c 20180302  |g PSBO 
942 |c BK